| 000 | 00900cab a2200277 4500 | ||
|---|---|---|---|
| 001 | ABS48857 | ||
| 008 | 090401t1993 xxu||||| |||| 00| 0 eng d | ||
| 035 | _a(Sirsi) u68846 | ||
| 041 | _aeng | ||
| 100 | _aMcCafferty, A. | ||
| 245 | _aAgricultural occupancy - new enforcement rules | ||
| 260 | _c1993 | ||
| 350 | _a0 | ||
| 490 |
_aEstates Gazette _v(9324) 19 June 1993, 97-99(3) |
||
| 520 | _aDiscusses the enforcement rules laid down in Planning and Compensation Act 1991 for agricultural occupancy of new dwellings in the countryside. | ||
| 650 | _aAGRICULTURAL OCCUPANCY | ||
| 650 | _aCERTIFICATE OF LAWFUL USE | ||
| 650 | _aDIVERSIFICATION | ||
| 650 | _aENFORCEMENT ACTION RULE | ||
| 650 | _aOCCUPANCY CONDITIONS | ||
| 650 | _aPLANNING AND COMPENSATION ACT 1991 | ||
| 650 | _aPLANNING CONDITIONS | ||
| 690 | _aPLANNING LAW AND PRACTICE | ||
| 942 | _n0 | ||
| 948 | _c04/03/1997 | ||
| 999 |
_c43219 _d43219 |
||